• 首页
  • 本馆介绍
  • 公告通知
  • 最新文献
  • 馆藏检索
  • 电子资源
  • 读者荐购
  • 参考咨询
  • CALIS
  • 我的图书馆
  • 登录
  • 详细信息显示
  • 放入我的书架
  • 预约/预借图书
  • 作者相关作品
  • 分类相关作品
  • 丛书相关作品
  • 出版社相关作品

书目信息

  • 表格格式
  • 工作单格式
  • 卡片格式
题名:
科学发展社会和谐
    
 
作者: 博华 主编
分册:  
出版信息:   中央文献  2008.09
页数: 406页
开本: 20cm
丛书名:
单 册:
中图分类: D671.3
科图分类:
主题词: 政治--中国
电子资源:
ISBN: 978-7-5073-2652-9
 
 
 
 
 
000 00597nam0 2200229 45
001 0955570475
005 20091026152658.79
010    @a978-7-5073-2652-9@dCNY52.00
100    @a20090515d2008 ekmy0 y0120 ea
102    @aCN@b130000
102    @aCN@b110000
105    @ay z 000yy
200 1  @a科学发展社会和谐@f博华主编@Fbo hua zhu bian
210    @c中央文献@d2008.09
210    @a北京@c中央文献出版社
215    @a406页@d20cm
606 0  @a政治@x中国
690    @aD671.3@v4
701  0 @a博华@Abo hua@4主编
801  0 @aCN@c20091026
905    @a10447@dD671.3@eB954
906    @d52@n2@r1
    
    科学发展社会和谐/博华主编.-中央文献,2008.09.-北京:中央文献出版社
    406页;20cm
    
    
    ISBN 978-7-5073-2652-9:CNY52.00
    
●
相关链接 在E读中查询图书 在当当中查询图书 在豆瓣中查询图书


正题名:科学发展社会和谐     索取号:D671.3/B954         预约/预借

序号 登录号 条形码 馆藏地/架位号 状态 备注
1 893457   208934572   社科库509/509社科库 76排7列3层/ [索取号:D671.3/B954] 在馆    
2 893458   208934581   社科库509/509社科库 76排7列3层/ [索取号:D671.3/B954] 在馆    
河南城建学院图书馆 欢迎您!
大连网信软件有限公司© 版权所有